| 000 | 00883nam a2200241Ia 4500 | ||
|---|---|---|---|
| 003 | OSt | ||
| 005 | 20260119151025.0 | ||
| 008 | 220923b |||||||| |||| 00| 0 eng d | ||
| 020 | _a9780415580502 | ||
| 037 | _cGeneral Book | ||
| 040 |
_aRTL _cRTL _beng |
||
| 041 |
_2eng _aeng |
||
| 084 |
_aY:4311.2.M60<-M30, Q1 _qRTL |
||
| 100 |
_aMajor Andrea _930384 |
||
| 245 | 0 | _aSovereignty and social reform in India: British Colonialism and the compaign against sati, 1830-60 | |
| 260 |
_aLondon _bRoutledge _c2011 |
||
| 300 |
_aviii, 152 p. _bIncludes bibliographical references and index. |
||
| 490 | _aRoutledge/Edinburgh South Asian Studies Series | ||
| 500 | _aBibliography: P 143-49 | ||
| 650 |
_aSociology _9905455 |
||
| 942 |
_hY:4311.2.M60<-M30, Q1 _cGB _2CC _n0 |
||
| 999 |
_c580205 _d580205 |
||